AS Roma Squad 2017-2018 - Statistics

General Stats
  • This quiz has been taken 46 times
  • The average score is 18 of 29
Answer Stats
# Position Nation Player % Correct
1 GK Brazil Alisson
100%
9 FW Bosnia and Herzegovina Edin Džeko
95%
14 FW Czech Republic Patrik Schick
87%
4 MF Belgium Radja Nainggolan
87%
11 DF Serbia Aleksandar Kolarov
84%
44 DF Greece Kōnstantinos Manōlas
82%
17 FW Turkey Cengiz Ünder
79%
16 MF Italy Daniele De Rossi
79%
20 DF Argentina Federico Fazio
79%
24 DF Italy Alessandro Florenzi
76%
8 FW Argentina Diego Perotti
76%
92 FW Italy Stephan El Shaarawy
76%
5 DF Brazil Juan Jesus
74%
7 MF Italy Lorenzo Pellegrini
74%
6 MF Netherlands Kevin Strootman
71%
- Coach Italy Eusebio Di Francesco
66%
28 GK Poland Łukasz Skorupski
63%
25 DF Brazil Bruno Peres
61%
26 DF Netherlands Rick Karsdorp
61%
18 GK Romania Bogdan Lobonț
47%
30 MF Brazil Gerson
47%
33 DF Italy Emerson
42%
21 MF France Maxime Gonalons
42%
15 DF Mexico Héctor Moreno
39%
23 FW France Grégoire Defrel
37%
55 DF Brazil Leandro Castán
34%
13 DF Uganda Elio Capradossi
21%
33 DF Argentina Jonathan Silva
21%
22 DF Nigeria Abdullahi Nura
18%
No matching quizzes found
Score Distribution
Percent of People with Each Score
Percentile by Number Answered
Your Score History
You have not taken this quiz